Catálogo

Vista normal Vista MARC

Entrada Personal Name

Número de registros utilizados en: 1

001 - CONTROL NUMBER

  • control field: 17902

003 - CONTROL NUMBER IDENTIFIER

  • control field: DLC

005 - DATE AND TIME OF LATEST TRANSACTION

  • control field: 20260309170835.0

008 - FIXED-LENGTH DATA ELEMENTS

  • fixed length control field: 030410n| azannaabn |a aaa c

010 ## - LIBRARY OF CONGRESS CONTROL NUMBER

  • LC control number: no2003036417

035 ## - SYSTEM CONTROL NUMBER

  • System control number: (OCoLC)oca06022226

040 ## - CATALOGING SOURCE

  • Original cataloging agency: MX-SlUA
  • Language of cataloging: spa
  • Transcribing agency: Mx-PuUPA
  • Description conventions: rda
  • Modifying agency: DLC
  • Modifying agency: Mx-PuUPA

100 1# - HEADING--PERSONAL NAME

  • Personal name: Silva, Arturo,
  • Fuller form of name: (Silva Rodríguez)

374 ## - OCCUPATION

  • Occupation: Autor

375 ## - GENDER

  • Gender: hombre

377 ## - ASSOCIATED LANGUAGE

  • Language code: spa

400 1# - SEE FROM TRACING--PERSONAL NAME

  • Personal name: Silva Rodríguez, Arturo

400 1# - SEE FROM TRACING--PERSONAL NAME

  • Personal name: Rodríguez, Arturo Silva

670 ## - SOURCE DATA FOUND

  • Source citation: Compiler of Evaluación psicológica en el área educativa, 2002:
  • Information found: t.p. (Arturo Silva) p. xii (Arturo Silva Rodríguez)